000
00292cam a22000977a 4500
008
180718b1960 xxu||||| |||| 00| 0 eng d
082
_a
K1201x5434 R137m
245
_a
The Rajasthan subordinate offices ministerial staff rules
260
_a
Jaipur
_b
Government Central Press
_c
1960
300
_a
18p.
999
_c
499690
_d
499690